00556nam a2200217 a 4500001001300000003000900013005001700022008004100039020001000080082001500090100001900105245003200124260003900156300000900195500003500204505001700239650002500256650002100281650001700302700001900319nice12345678IN_TiNIC20260116015253.0050524s1995 teha grp 000 0 eng  ac10000a291.4bBRO aBrown, Barbara aCloser Look at Christianity aTehranbTawheed Publicationsc1995 a112p aincludes index and biblioraphy2 abibliography aComparative Religion aIslam-Conversion aChristianity1 aBrown, Barbara